000 00564nam a2200205Ia 4500
005 20250507130442.0
008 008 250505s9999 xx 000 0 chi d
020 _a9784883197439
037 _aAnnuals, Advances
040 _aEASL
_beng
_cEASL
041 _achi
_2eng
084 _qEASL
100 _aHiroaki Inou Au.
_9755366
245 0 _aNew Complete Master Vocabulary: JLPT N3
260 _aJapan
_bTokyo 3A Corporation Japan
300 _a181pg
700 _aYukari Honda Au.
_9755367
942 _cTEXL
999 _c1320259
_d1320259